LEADER 01021nam0 2200277 450 001 000024515 005 20090317092720.0 100 $a20090317d1968----km-y0itay50------ba 101 1 $aeng$cger 102 $aGB 105 $ay-------001yy 200 1 $a<>theory of economic development$ean inquiry into profits, capital, credit, interest, and the business cycle$fby Joseph A. Schumpeter$gtransl. by R. Opie 210 $aLondon$cOxford university press$d1968 215 $aXII, 255 p.$d22 cm 451 0$1001000002790 451 0$1001000024513 451 0$1001000024516 500 10$aTheorie der Wirtschaftlichen Entwicklung$m$924002 610 1 $aEconomia$aSviluppo economico 676 $a330.1$v19$9Scienze economiche. Sistemi e teorie 700 1$aSchumpeter,$bJoseph Alois$f<1883-1950>$050457 801 0$aIT$bUNIPARTHENOPE$c20090317$gRICA$2UNIMARC 912 $a000024515 951 $a111/101$b3224$cNAVA2 996 $aTheorie der Wirtschaftlichen Entwicklung$924002 997 $aUNIPARTHENOPE